000
00316nam a22001457a 4500
008
210527b ||||| |||| 00| 0 eng d
020
_a
1560810416
041
_a
eng
080
_a
54
082
_a
54
100
_a
12
101
_a
KIM
245
_a
Molelucar Recognition Mechanisms
_c
Delaage,M
942
_2
udc
_c
BK
999
_c
57698
_d
57698